Countries With the Northernmost Southernmost Point - Statistics

General Stats
  • This quiz has been taken 62,437 times
  • The average score is 18 of 20
Answer Stats
Latitude Country % Correct
58.00 °N Norway
98%
59.48 °N Finland
97%
55.20 °N Sweden
97%
63.23 °N Iceland
96%
49.57 °N United Kingdom
96%
54.34 °N Denmark
95%
57.31 °N Estonia
93%
55.40 °N Latvia
93%
53.54 °N Lithuania
92%
51.26 °N Ireland
91%
49.00 °N Poland
91%
50.16 °N Netherlands
90%
49.30 °N Belgium
89%
47.17 °N Germany
89%
51.15 °N Belarus
86%
49.27 °N Luxembourg
84%
48.33 °N Czech Republic
81%
46.23 °N Austria
78%
47.44 °N Slovakia
77%
47.03 °N Liechtenstein
72%
No matching quizzes found
Score Distribution
Percent of People with Each Score
Percentile by Number Answered
Your Score History
You have not taken this quiz